000
00321nam a22001337a 4500
008
170817b xxu||||| |||| 00| 0 eng d
020
_a
9780072899054
041
_a
eng
080
_2
4 ED
_a
51
100
_a
36
101
_a
MAT
245
_a
DISCRETE MATHEMATICS AND ITS APPLICATION
_c
ROSEN.K.H
942
_2
udc
_c
BK
999
_c
23825
_d
23825